Normal view
MARC view
Entry Personal Name
001 - CONTROL NUMBER
- control field: 166166
003 - CONTROL NUMBER IDENTIFIER
- control field: OSt
005 - DATE AND TIME OF LATEST TRANSACTION
- control field: 20220923222150.0
008 - FIXED-LENGTH DATA ELEMENTS
- fixed length control field: 220923|| aca||aabn | a|a d
040 ## - CATALOGING SOURCE
- Original cataloging agency: OSt
- Transcribing agency: OSt
100 ## - HEADING--PERSONAL NAME
- Personal name: बसु, समरेश; चौधरी, योगेन्द्र, अनु
670 ## - SOURCE DATA FOUND
- Source citation: Work cat.: (OSt)354287: बसु, समरेश; चौधरी, योगेन्द्र, अनु., विपर्यस्त, 1984
